What Did the USA Do? Quiz Stats

 Plays Quiz Updated Apr 5, 2018

Challenge
Share
Tweet
Embed
Score 0/30 Timer 06:00
14 Plays Today
Which country... (U)S or (T)hem? % Correct
is larger????
98.2%
has the higher population????
93.2%
has a longer coastline????
85.9%
borders a larger number of other countries????
85.4%
has a longer river flowing through it????
80.3%
has a more populous capital city????
74.7%
has more registered ice hockey players????
71.5%
has a more northerly point????
68.4%
has more skyscrapers????
66.8%
banned slavery in its territories earlier????
65.4%
had a higher number of tourist visits in 2012????
62.5%
produced more motor vehicles in 2012????
62.1%
is deemed more democratic in the Democracy index 2012????
62%
has a stadium with the highest capacity????
60.2%
has used their 'veto power' in the UN Security Council more times????
57.8%
Which country... (U)S or (T)hem? % Correct
has more Spanish speakers living there????
57.5%
has a larger number of active military personnel????
56.1%
has the higher point above sea-level????
54.9%
has a state with the largest area????
54.4%
produced a larger number of oranges in 2010????
54.2%
was a bigger exporter of cheese in 2010????
54%
has a more southerly point????
54%
is a bigger producer of oil????
53.3%
is home to more people born in Guyana????
48.3%
has more Russian speakers living there????
47.5%
had the higher GDP (nominal) per capita in 2012????
46.7%
has more chemical elements named after places within it????
46.1%
contains a city with a higher population????
41.9%
has a larger number of followers of Judaism????
34.3%
has experienced an earthquake of higher magnitude since 2000????
20.7%

You're not logged in!

Compare scores with friends on all Sporcle quizzes.
Join for Free
OR
Log In

You Might Also Like...

Show Comments

Extras

Top Quizzes Today


Score Distribution

Your Account Isn't Verified!

In order to create a playlist on Sporcle, you need to verify the email address you used during registration. Go to your Sporcle Settings to finish the process.

Report this User

Report this user for behavior that violates our Community Guidelines.

Details: